000 00942nas a2200301 4500
001 BR8204672
003 BR-BrBNA
005 20231205085223.0
007 ta
008 230509b bl.|||p| |||| 00| 00por d
040 _aBR-BrBNA
_bpor
_cBiblioteca Nacional de Agricultura
041 _a(Pt)
072 _aF60; F25
100 1 _aSavastano, S.A.A. de L.
100 1 _aMattos, H.B. de
100 1 _aMonteiro, F.A.
245 1 _aNutricao mineral de cinco estilosantes cultivados em solo de cerrado paulista. 1. Producao de materia seca, nitrogenio total e nodulacao [Brasil]
650 _aNUTRICAO VEGETAL
650 _aMINERAL
650 _aSTILOSANTE
650 _aCERRADO
650 _aSOLO
650 _aCALAGEM
650 _aNITROGENIO
773 0 _tBoletim de Industria Animal (Brazil)
_xISSN 0067-9617
_g(Jan-Jun 1982), v. 39(1) p. 43-54
_wBR8204672
909 _a202311
_bLúcia
_c55
_dLúcia Elande
942 _2AGRIS
_n0
_cANA
999 _c110070
_d110070